Statistics for FIFA 19 Top 10 Right Back

Click here to take the quiz!

General Stats

  • This quiz has been taken 75 times
  • The average score is 6 of 10

Answer Stats

RankPlayerOVA% Correct
4Kyle Walker84
90%
2Dani Carvajal84
88%
1Joshua Kimmich85
85%
3Sergi Roberto84
72%
10Dani Alves82
71%
9Antonio Valencia82
59%
7Kieran Trippier82
59%
6Thomas Meunier82
38%
5Alessandro Florenzi82
32%
8Lars Bender82
7%

Score Distribution

Percentile by Number Answered

Percent of People with Each Score

Your Score History

You have not taken this quiz